000 00436nam a22001817a 4500
003 MPLRDC
005 20220104185410.0
008 210129b ||||| |||| 00| 0 eng d
020 _a7-5080-4073-8
082 _a173.7 PAL
100 _aHELEN PALMER
245 _a九型人格
_c徐扬译
250 _a一版11刷
260 _a中国
_b华夏出版社
_c2009
300 _b
650 _a人格研究
942 _cBK
_o173.7 PAL
999 _c63315
_d63305